000 01028nam a22002537a 4500
005 20240305165610.0
007 cr|||| ||||
008 210811s2020 ca |||||s|||| 00||0 eng d
020 _a978-1-55221-532-6
035 _a35014
040 _avLex
090 _c11972
_d11972
100 1 _aRikhof, Joseph
245 1 0 _aInternational & Transnational criminal law
_h[Recurso electrónico] /
_cJoseph Rikhof, Robert J. Currie
256 _aServicio en línea
260 _aToronto:
_bIrwin Law Inc.,
_c2020
300 _a1 recurso electrónico
506 1 _aDisponible solo en los productos indicados
_dvLex Global
_dvLex Global (Academic Edition, excluding Law Schools)
_dvLex Global (U.S. Academic Edition, Law Schools)
_dvLex Global (U.S. Academic Edition, excluding Law Schools)
_dvLex Global (Academic Edition, Law Schools)
650 0 4 _aDerecho Internacional
_zCanadá
700 1 _aCurrie, Robert J.
740 0 _avLex Libros (Servicio en línea)
856 4 0 _uhttps://app.vlex.com/#/sources/35014
942 _cRAA
999 _c170208
_d170208